Vnútropodniková komunikácia v dcérskych spoločnostiach situovaných v SR z odvetvia informačných technológií dizertačná práca

Na minha lista:
Detalhes bibliográficos
Autor principal: Vérffy, Michal
Autor Corporativo: Fakulta podnikového manažmentu EU. Katedra manažmentu
Outros Autores: Füzyová, Ľubica
Formato: Livro
Idioma:eslovaco
Publicado em: Bratislava 2009
Assuntos:
Tags: Adicionar Tag
Sem tags, seja o primeiro a adicionar uma tag!

MARC

LEADER 00000nam$a2200000$$$4500
001 0098310
005 20240502072103.3
041 0 |a slo 
044 |a SK 
245 1 0 |a Vnútropodniková komunikácia v dcérskych spoločnostiach situovaných v SR z odvetvia informačných technológií  |b dizertačná práca  |c Michal Vérffy ; škol. Ľubica Füzyová 
264 1 |a Bratislava  |c 2009 
300 |a 151 s. 
610 2 0 |a komunikácia firemná 
610 2 0 |a spoločnosti nadnárodné 
610 2 0 |a prostredie podnikové 
100 1 |a Vérffy, Michal 
700 1 |a Füzyová, Ľubica 
710 2 |a Fakulta podnikového manažmentu EU. Katedra manažmentu